000 00328nam a22001457a 4500
003 SGT
020 _a978-1-907668-45-9
082 _a615
_bMAT
100 _aMATEESCU, MIRCEA A.
245 _aCONTROLLED DRUG DELIVERY
260 _aU.K.
_bWP PUBLISHING
_c2015
300 _a250
650 _aDRUG DELIVERY
942 _2ddc
_cBK
999 _c33118
_d33118